000
00311nam a2200121Ia 4500
008
190216s9999||||xx |||||||||||||| ||und||
100
_a
Shimon Mordynski
 Lowell Mauer
245
0
_a
How To Use Visual Basic 6
260
_b
Tech Media Pub
_c
2003
300
_a
296 p
650
_a
Computer Science
942
_c
BK
999
_c
8796
_d
8796